| 000 | 00406nam a2200181Ia 4500 | ||
|---|---|---|---|
| 005 | 20250423101534.0 | ||
| 008 | 250422s9999 xx 000 0 und d | ||
| 020 | _a0446310786 | ||
| 050 | _aPS 3562 .E353 T6/ | ||
| 100 | _aLee, Harper | ||
| 245 | 0 | _aTo kill a mockingbird | |
| 260 | _aNew York | ||
| 260 | _b Warner Books | ||
| 260 | _c1982 | ||
| 300 | _a281 p | ||
| 650 | _aFiction | ||
| 942 | _cBK | ||
| 999 |
_c36584 _d36584 |
||